00863nam a2200205 i 450000100060000000300090000600500170001500700030003200800410003508000140007624502250009026000850031530000210040049000510042165000190047270000340049171000490052583000510057485200320062598425ES-MaACL20260201171943.0t|050826s1978 sp ||||1| spa d a001.8(04)00aNuevos aspectos de la vida intelectual b: el papel de los intelectuales en la futura sociedad : ciclo de conferencias sobre nuevos aspectos de la vida intelectual... : Madrid, marzo 1978 / c[F. Sebastián ... et al.]. aMadrid : bPresidencia del Gobierno, Instituto Nacional de Prospectiva,c[1978?] a71 p. ; c22 cm.1 aPublicaciones del Centro de Estudios Avanzados 4aIntelectuales.0 aSebastián Aguilar, Fernando2 aInstituto Nacional de Prospectiva (España)0 aPublicaciones del Centro de Estudios Avanzados aES-MaACLjL-3883 bR.104223